Quizzes
Events
Quiz Creation
Community
Videos
Private Events
Remove Ads
Sign In
Join for FREE
Feedback
Dark Mode
Quiz Categories
Sports
Geography
Music
Movies
Television
Just For Fun
Miscellaneous
History
Literature
Language
Science
Gaming
Entertainment
Religion
Holiday
For Kids
Quiz Lab
Recent
Popular Today
Quiz Kudos Today
Editor Picks
Curator Picks
Quizzes by...
Day
Popularity
Type
Ratings
Length
Year
Community
Subscriptions
Recent Discussions
Orange Saloon
Badges
Playlists
Quests
Create
Leaderboards
Showdown
Live 5
Trivia Bingo
Activity
Puzzle Library
Sporcle Events
Private Events
Virtual Trivia
Globe League
Become a Host
Pub Owners
SporcleCon
Opinionation
Our Games
Videos
Blog
Mobile Apps
Partnerships
Remove Ads and Go Orange
Feedback
Entertainment
Celebrity
Famous
Musical
Broadway
Show
Quote
Comic Books
Anime
Superhero
DC Comics
Marvel
Cartoons
Animation
Entertainment
Celebrity
Famous
Musical
Broadway
Show
Quote
Comic Books
Anime
Superhero
DC Comics
Marvel
Cartoons
Animation
Random Quiz
Search Sporcle
×
Quiz Lab
Quiz Lab
Entertainment
Canada
Type in answers that appear in a list
Type in answers that appear in a list
Classic
Best Score? Go Orange.
Famous Canadians Stats
Can you name the Famous Canadians?
By
a097926023
10m
30 Questions
210 Plays
210 Plays
210 Plays
Comments
Comments
Give Quiz Kudos
Give Quiz Kudos
-
- Ratings
hide this ad
Replay
Link that replays current quiz
Next Quiz
Link to next quiz in quiz playlist
You Got
0%
They Got
Avg Score
44%
Avg Friend Score
Upgrade to see
Score Distribution
Jump to the score distribution portion of the page
Score
0/30
Timer
10:00
0
Plays Today
Column
Person
% Correct
F
Justin Bieber
84.8%
E
Celine Dion
81%
C
Jim Carrey
72.9%
E
Avril Lavigne
72.4%
C
Pamela Anderson
66.7%
A
Keanu Reeves
63.3%
D
Shania Twain
62.9%
F
Ryan Reynolds
60.5%
D
John Candy
60.5%
D
William Shatner
59%
E
Michael J Fox
56.2%
C
Michael Buble
51.4%
A
Dan Aykroyd
47.6%
A
Carly Rae Jepsen
45.7%
B
Brendan Fraser
44.3%
Column
Person
% Correct
B
Bryan Adams
43.3%
D
Alanis Morissette
41.9%
B
Rachel McAdams
37.6%
E
Nelly Furtado
37.1%
F
Neil Young
34.3%
A
KD Lang
32.9%
F
Anne Murray
31.9%
F
Leslie Neilsen
30.5%
C
Cory Monteith
29%
C
Paul Anka
25.7%
B
Sarah McLachlan
21.4%
A
Jennifer Tilly
19%
E
Shannon Tweed
12.9%
B
Natasha Henstridge
10%
D
Estella Warren
5.2%
Quiz Playlist
Details
Report
Send in Message
Add To Playlist
Classic:
Type in answers that appear in a list
Last Updated: Feb 16, 2017
Quiz Scoreboard
CHALLENGE
Sign Up to Join the Scoreboard
Show All
Scores
Hide
Comments
May contain spoilers
Recently Published
Billboard Blitz: Fleetwood Mac
by CooCooCachoo
Music
15s
Presidents Visiting Landmarks
by Hejman
History
7m
An Introduction to Baseball
by treessimontrees
Sports
5m
More to Explore
Quiz From the Vault
Featured Blog Post
Where Did the Easter Bunny Come From?
hide this ad
You Might Also Like...
Tags
Canada Quiz
Bryan Adams
Celine Dion
Shania Twain
Today's Top Quizzes in Entertainment
Browse Entertainment
hide this ad
Today's Top Quizzes in Canada
Browse Canada
Top Contributed Quizzes in Entertainment
1
7-to-1: DC Comics Villains
2
Marvel Characters Bunker
3
Eurovision 2023 Logic Puzzle
4
Kamen Rider Motifs
5
Dragon Ball Z: Goku's Fights in Order
6
Criteria Quickie: Cartoon Taxonomy II
7
Sorting Pictures: Villains
8
Fictional Villains Letter U Blitz
9
Dragon Ball Z: Mega Character Search
10
Mini Trivia Sudoku: Musicals
Explore More
Trending Topics
Anime
Marvel
NBA
Disney
Kpop
Harry Potter
Crossword
Puzzle
Song
Pokémon
The Office
NFL
WWE
Country
Soccer
hide this ad
More By:
a097926023
Quiz
Plays
Rating
Category
Featured
Created
20 Famous Country Singers
74,214
4.39
Music
Aug 6, 2013
CMT's 40 Greatest Women
4,156
4.21
Music
Aug 9, 2013
Democrat or Republican Celebrities
2,978
4.78
Miscellaneous
Sep 4, 2013
WTA Top 5 (1990-2012)
1,480
4.50
Sports
Aug 19, 2013
Minefield : Carrie Underwood Songs
837
4.67
Music
Feb 3, 2015
Go to Creator's Profile
Score Distribution
Quiz Creator Spotlight
a097926023
Follow
Send a Message
Quizzes Created
-
Created Quiz Play Count
-
More By This Creator
Popular Quizzes Today
1
Find the US States - No Outlines Minefield
2
Find the Countries of Europe - No Outlines Minefield
3
The Countries of the World
4
Find the US States
5
Popular People in 1961
6
US States
7
Risky Map Clicking: Biggest States A-Z
8
Movies - When Are They Set?
More Entertainment Quizzes
Lego Spider-Man Characters
Curator's Pick
Trending Quizzes
Risky Map Clicking: Least Populous States A-Z
1-10 Letter G Words
1-10 Letter F Words
Risky Map Clicking: Next State Alphabetically
'A' Boys' Names Grid
Recently Updated
Leaping Animals
pecheneg
Reality TV Shows (A-Z)
bhenderson79
Rickey Henderson's Hall of Fame Teammates
pecheneg
Champions League XIs: Arsenal
pecheneg
Quick Pick: Celebrities in WWE's Hall of Fame
aduchscher
A-Z Keypad Blitz II
pecheneg
Multiple Oscar Actors
pecheneg
Mystery Phrase Blitz: Oscar 'Best Actors'
pecheneg
F. Scott Fitzgerald Novels
LTH
Pick 3 Villains
ddd62291
Trending Topics
NBA
Kpop
Marvel
Disney
Harry Potter
Anime
Crossword
Puzzle
NFL
Song
WWE
Pokémon
The Office
Country
Soccer
Your Account Isn't Verified!
In order to create a playlist on Sporcle, you need to verify the email address you used during registration. Go to your
Sporcle Settings
to finish the process.
Report this User
Report this user for behavior that violates our
Community Guidelines
.
Details:
Send Report
Go to the Sporcle.com Mobile Site →
Comments